<?xml version="1.0" encoding="UTF-8"?>
<record
    xmlns:xsi="http://www.w3.org/2001/XMLSchema-instance"
    xsi:schemaLocation="http://www.loc.gov/MARC21/slim http://www.loc.gov/standards/marcxml/schema/MARC21slim.xsd"
    xmlns="http://www.loc.gov/MARC21/slim">

  <leader>02420nam a22002897a 4500</leader>
  <datafield tag="952" ind1=" " ind2=" ">
    <subfield code="0">0</subfield>
    <subfield code="1">0</subfield>
    <subfield code="2">lcc</subfield>
    <subfield code="4">0</subfield>
    <subfield code="7">0</subfield>
    <subfield code="a">04</subfield>
    <subfield code="b">04</subfield>
    <subfield code="d">2017-03-23</subfield>
    <subfield code="l">0</subfield>
    <subfield code="o">P90 C65</subfield>
    <subfield code="p">04 006749</subfield>
    <subfield code="r">2017-03-23</subfield>
    <subfield code="t">1</subfield>
    <subfield code="w">2017-03-23</subfield>
    <subfield code="y">LB</subfield>
  </datafield>
  <datafield tag="952" ind1=" " ind2=" ">
    <subfield code="0">0</subfield>
    <subfield code="1">0</subfield>
    <subfield code="2">lcc</subfield>
    <subfield code="4">0</subfield>
    <subfield code="7">0</subfield>
    <subfield code="a">01</subfield>
    <subfield code="b">01</subfield>
    <subfield code="d">2018-11-13</subfield>
    <subfield code="l">0</subfield>
    <subfield code="o">302.2 C588</subfield>
    <subfield code="p">01 014437</subfield>
    <subfield code="r">2018-11-13</subfield>
    <subfield code="t">1</subfield>
    <subfield code="w">2018-11-13</subfield>
    <subfield code="y">LB</subfield>
  </datafield>
  <datafield tag="999" ind1=" " ind2=" ">
    <subfield code="c">101763</subfield>
    <subfield code="d">101763</subfield>
  </datafield>
  <controlfield tag="008">170323s2016    mx a          001 0 spa d</controlfield>
  <datafield tag="020" ind1=" " ind2=" ">
    <subfield code="a">9786076226971</subfield>
  </datafield>
  <datafield tag="050" ind1=" " ind2="4">
    <subfield code="a">P90</subfield>
    <subfield code="b">C65</subfield>
  </datafield>
  <datafield tag="082" ind1=" " ind2=" ">
    <subfield code="a">302.2</subfield>
    <subfield code="b">C588</subfield>
  </datafield>
  <datafield tag="245" ind1="0" ind2="0">
    <subfield code="a">La comprensi&#xF3;n de los medios en la era digital </subfield>
    <subfield code="b">: un nuevo an&#xE1;lisis de la obra de Marshall McLuhan </subfield>
    <subfield code="c">/ J. Octavio Islas Carmona, Fernando I. Guti&#xE9;rrez Cort&#xE9;s, Lance Strate, coordinadores </subfield>
  </datafield>
  <datafield tag="260" ind1=" " ind2=" ">
    <subfield code="a">M&#xE9;xico</subfield>
    <subfield code="b">: Alfaomega </subfield>
    <subfield code="c">, 2016</subfield>
  </datafield>
  <datafield tag="300" ind1=" " ind2=" ">
    <subfield code="a">x, 210 p&#xE1;ginas </subfield>
    <subfield code="b">: ilustraciones </subfield>
  </datafield>
  <datafield tag="500" ind1=" " ind2=" ">
    <subfield code="a">En portada: Valiosa mirada desde la ecolog&#xED;a de medio para entender la realaci&#xF3;n entre el ambiente, tecnolog&#xED;a y sociedad.</subfield>
  </datafield>
  <datafield tag="504" ind1=" " ind2=" ">
    <subfield code="a">Bibliograf&#xED;a p. 210</subfield>
  </datafield>
  <datafield tag="505" ind1="0" ind2=" ">
    <subfield code="a">50 a&#xF1;os despu&#xE9;s...Retrospecci&#xF3;n y perspectiva de la obra de Marshall McLuhan
La contribuci&#xF3;n sw Marshall MacLuhan para la comprensi&#xF3;n de los ambientes medi&#xE1;ticos en la nueva era digital 
Apuntes esenciales para una mejor lectura de la Comprensi&#xF3;n de los medios como las extensiones del hombre 
El mensaje en la comprensi&#xF3;n de los medios 
Topogu&#xED;a descriptiva para la comprensi&#xF3;n de los medios 
La ingenieria en comunicaci&#xF3;n social y el pensamiento de Marshal McLuhan 
Cinco formas para entender... Los medios como las extensiones del hombre
McLuhan como una forma de arte 
McLuhan y su comprensi&#xF3;n de los medios 
El pensamiento sistem&#xE1;tico y el sujeto en la obra de McLuhan 
Un mundo inteligente: la extensi&#xF3;n del proyecto de automatizaci&#xF3;n de McLuhan 
La comprensi&#xF3;n del hombre como una extensi&#xF3;n de los medios 
McLuhan en la era de los medios sociales
La nueva aldea global: el caso Facebook</subfield>
  </datafield>
  <datafield tag="519" ind1=" " ind2=" ">
    <subfield code="a">Educaci&#xF3;n Mixta / </subfield>
    <subfield code="b">Pedagog&#xED;a / </subfield>
    <subfield code="c">Comunicaci&#xF3;n Educativa (P16) / </subfield>
    <subfield code="d">(04 006749) </subfield>
  </datafield>
  <datafield tag="519" ind1=" " ind2=" ">
    <subfield code="a">Plan Flexible /</subfield>
    <subfield code="b">Periodismo y Medios Digitales /</subfield>
    <subfield code="c">Periodismo y Medios Digitales (P31-3) /</subfield>
    <subfield code="d">(01 014436)</subfield>
  </datafield>
  <datafield tag="650" ind1="1" ind2="4">
    <subfield code="a">COMUNICACI&#xD3;N</subfield>
    <subfield code="x">MEDIOS ELECTR&#xD3;NICOS</subfield>
  </datafield>
  <datafield tag="650" ind1="2" ind2="0">
    <subfield code="a">TECNOLOG&#xCD;A Y CIVILIZACI&#xD3;N</subfield>
  </datafield>
  <datafield tag="650" ind1="2" ind2="0">
    <subfield code="a">McLUHAN, MARSHALL</subfield>
    <subfield code="y">1911-1980</subfield>
  </datafield>
  <datafield tag="700" ind1="1" ind2=" ">
    <subfield code="a">Islas Carmona, J. Octavio</subfield>
    <subfield code="e">, coordinador</subfield>
  </datafield>
  <datafield tag="700" ind1="1" ind2=" ">
    <subfield code="a">Guti&#xE9;rrez Cort&#xE9;s, Fernando I. </subfield>
    <subfield code="e">, coordinador </subfield>
  </datafield>
  <datafield tag="700" ind1="1" ind2=" ">
    <subfield code="a">Strate, Lance</subfield>
    <subfield code="e">, coordinador </subfield>
  </datafield>
  <datafield tag="942" ind1=" " ind2=" ">
    <subfield code="c">LB</subfield>
  </datafield>
</record>
